|
|
|
|
| LEADER |
01380nam a2200361 a 4500 |
| 001 |
EBC3111425 |
| 003 |
MiAaPQ |
| 005 |
20200520144314.0 |
| 006 |
m o d | |
| 007 |
cr cn||||||||| |
| 008 |
971031s1997 dcu sb 001 0 eng |
| 010 |
|
|
|z 97045846
|
| 020 |
|
|
|z 0844740241 (pbk.)
|
| 020 |
|
|
|z 084474025X (cloth)
|
| 035 |
|
|
|a (MiAaPQ)EBC3111425
|
| 035 |
|
|
|a (Au-PeEL)EBL3111425
|
| 035 |
|
|
|a (CaPaEBR)ebr10018818
|
| 035 |
|
|
|a (OCoLC)922978726
|
| 040 |
|
|
|a MiAaPQ
|c MiAaPQ
|d MiAaPQ
|
| 050 |
|
4 |
|a HE5623
|b .J63 1997
|
| 082 |
0 |
4 |
|a 388.3/21/0973
|2 21
|
| 100 |
1 |
|
|a Johnston, James D.,
|d 1930-
|
| 245 |
1 |
0 |
|a Driving America
|h [electronic resource] :
|b your car, your government, your choice /
|c James D. Johnston.
|
| 260 |
|
|
|a Washington, D.C. :
|b AEI Press,
|c 1997.
|
| 300 |
|
|
|a viii, 237 p.
|
| 504 |
|
|
|a Includes bibliographical references and index.
|
| 533 |
|
|
|a Electronic reproduction. Ann Arbor, MI : ProQuest, 2015. Available via World Wide Web. Access may be limited to ProQuest affiliated libraries.
|
| 650 |
|
0 |
|a Transportation, Automotive
|z United States.
|
| 650 |
|
0 |
|a Automobile industry and trade
|z United States.
|
| 650 |
|
0 |
|a Air
|x Pollution
|x Economic aspects
|z United States.
|
| 655 |
|
4 |
|a Electronic books.
|
| 710 |
2 |
|
|a ProQuest (Firm)
|
| 856 |
4 |
0 |
|u https://ebookcentral.proquest.com/lib/matrademy/detail.action?docID=3111425
|z Click to View
|